| 000 | 00802nam a22002417a 4500 | ||
|---|---|---|---|
| 001 | 59395 | ||
| 003 | UA-OsUOA | ||
| 005 | 20201020144249.0 | ||
| 007 | ta | ||
| 008 | 20090324b un ||||| |||| 00| 0 ukr d | ||
| 020 | _a9785756704730 | ||
| 040 |
_aUA-OsUOA _brus _cUA-OsUOA _dUA-OsUOA |
||
| 041 | _arus | ||
| 080 | _a321.7(5+6)(075.8) | ||
| 090 |
_a321.7(5+6)(075.8) _bВ76 |
||
| 100 | _aВоскресенский А. Д. | ||
| 245 |
_aПолитические системы и модели демократии на востоке _bучеб. пособие |
||
| 260 |
_aМ. _bАспект пресс _c2007 |
||
| 300 | _a190 с. | ||
| 650 | 7 |
_a321 Форми політичних організацій. Держави як політичні влади _2UDC |
|
| 942 |
_cBK _2udc |
||
| 955 | _a2 | ||
| 999 |
_c345477 _d345477 |
||